A basic asphalt emulsion manual. (Record no. 548546)

000 -LEADER
fixed length control field 00652cam a2200193 i 4500
082 00 - DEWEY DECIMAL CLASSIFICATION NUMBER
Classification number 666.893
Author Mark BAS
-- D
110 2# - MAIN ENTRY--CORPORATE NAME
Corporate name or jurisdiction name as entry element Asphalt Institute.
9 (RLIN) 13616
245 12 - TITLE STATEMENT
Title A basic asphalt emulsion manual.
260 ## - PUBLICATION, DISTRIBUTION, ETC.
Place of publication, distribution, etc. [College Park, Md.] :
Name of publisher, distributor, etc. Asphalt Institute,
Date of publication, distribution, etc. 1979.
300 ## - PHYSICAL DESCRIPTION
Extent xiv, 263 p. :
Other physical details ill. ;
Dimensions 28 cm.
490 1# - SERIES STATEMENT
Series statement Manual series ; no. 19
500 ## - GENERAL NOTE
General note Includes index.
526 ## - STUDY PROGRAM INFORMATION NOTE
Program name 0
Interest level 0
Reading level 0
Title point value 666_893000000000000_BAS
526 ## - STUDY PROGRAM INFORMATION NOTE
Program name 0
Interest level 0
Reading level 0
Title point value 666_893000000000000_BAS
650 #0 - SUBJECT ADDED ENTRY--TOPICAL TERM
Topical term or geographic name entry element Asphalt emulsion mixtures
General subdivision Handbooks, manuals, etc.
9 (RLIN) 44896
650 #0 - SUBJECT ADDED ENTRY--TOPICAL TERM
Topical term or geographic name entry element MCE
9 (RLIN) 379
650 #0 - SUBJECT ADDED ENTRY--TOPICAL TERM
Topical term or geographic name entry element Pavements, Asphalt
General subdivision Handbooks, manuals, etc.
9 (RLIN) 41102
942 ## - ADDED ENTRY ELEMENTS (KOHA)
Source of classification or shelving scheme
Koha item type Book
Holdings
Withdrawn status Lost status Source of classification or shelving scheme Damaged status Not for loan Permanent Location Current Location Date acquired Total Checkouts Full call number Barcode Date last seen Price effective from Koha item type Public note Date last checked out
          Military College of Engineering (MCE) Military College of Engineering (MCE) 08/29/2014   666.893 BAS MCE-42426 08/29/2014 03/14/2021 Book Vol. 1  
          Military College of Engineering (MCE) Military College of Engineering (MCE) 08/29/2014 1 666.893 BAS MCE-42427 08/20/2020 03/14/2021 Book Vol.2 08/19/2020
© 2023 Central Library, National University of Sciences and Technology. All Rights Reserved.